| 000 | 00870nam a2200253Ia 4500 | ||
|---|---|---|---|
| 008 | 191130s2005##################000#0#eng## | ||
| 020 | _a9780813343327 | ||
| 022 | _a2005022567 | ||
| 040 |
_aACL _cACL |
||
| 082 | _a363.7056 CHA | ||
| 100 | _aChasek, Pamela S | ||
| 245 |
_aGlobal environmental politics _cPamela S. Chasek, David L. Downie, Janet Welsh Brown |
||
| 250 | _a4th ed | ||
| 260 |
_aBoulder, Colo _bWestview Press _c2005 |
||
| 300 | _axviii, 350 p | ||
| 500 | _aRev. ed of: Global environmental politics / Gareth Porter, Janet Welsh Brown, and Pamela S. Chasek. 3rd ed. 2000. Includes bibliographical references and index | ||
| 650 | _aEnvironmental policy | ||
| 700 | _aBrown, Janet Welsh | ||
| 700 | _aDownie, David Leonard | ||
| 700 | _aPorter, Gareth | ||
| 990 | _abad1bc5eac10000c500e648709ca86ec | ||
| 991 | _a352121 | ||
| 999 |
_c195196 _d195196 |
||